|
|
แสดงรายละเอียดบรรณานุกรม |
|
|
Brief Record
: Get Marc (ISO 2709)
: E-mail record
: |
|
|
| LEADER 00000nama 2200000uu 4500 | |||
| 001 197383 | |||
| 003 ULIBM | |||
| 008 040531s|||| th m m a000 0 tha d | |||
| 020 974-657-748-4 | |||
| 041 tha | |||
| 050 WE141 ก4512 2549 | |||
| 245 การตรวจร่างกายทางออร์โธปิดิคส์ =Physical Examination in orthopaaedics / บรรณาธิการ ก่อกู้ เชียงทอง และปรีชา ชลิดาพงษ์. | |||
| 250 พิมพ์ครั้งที่ 3. | |||
| 260 เชียงใหม่. คณะแพทยศาสตร์ มหาวิทยาลัยเชียงใหม่. 2549. | |||
| 300 328 หน้า. | |||
| 650 1. ศัลยกรรมกระดูก. 2. ศัลยกรรมออร์โธปิดิคส์. 3. การตรวจร่างกาย. | |||
| 995 001 | |||
| คุณยังไม่ได้ล็อกอิน คุณสามารถมีกิจกรรมร่วมกับเว็บไซต์ได้ แต่ต้องล็อกอินก่อน :: |
|
| สถานะ | |||||||||
| 1. | หนังสือทั่วไป | WE141 ก4512 2549 | On Shelf ขอยืม | ||||||
| 2. | หนังสือทั่วไป | WE141 ก4512 2549 | On Shelf ขอยืม | ||||||
| [แสดง 2/2 รายการ] | |||||||||
BibComment |
| คอมเมนท์ทรัพยากรรายการนี้ |
|
|